World Capitals with Palindromes - Statistics

General Stats
  • This quiz has been taken 51 times
    13 since last reset
  • The average score is 53 of 85
Answer Stats
Palindrome Capital City % Correct
ABA Addis Ababa
83%
ABABA Addis Ababa
83%
BAB Addis Ababa
83%
AMMA Amman
83%
ILI Dili
83%
AMA Panama City
83%
ANA Panama City
83%
A'A Sana'a
83%
ANA Sana'a
83%
ANA Antananarivo
75%
ANANA Antananarivo
75%
NAN Antananarivo
75%
DAD Baghdad
75%
KOK Bangkok
75%
IJI Beijing
75%
KEK Bishkek
75%
OGO Bogotá
75%
AZZA Brazzaville
75%
ACA Caracas
75%
ARA Caracas
75%
CARAC Caracas
75%
ANA Havana
75%
AVA Havana
75%
AMA Manama
75%
ANA Manama
75%
MANAM Manama
75%
ARA Ankara
67%
ABA Ashgabat
67%
ANA Astana
67%
ERRE Basseterre
67%
ETE Basseterre
67%
AKA Dakar
67%
ALA Guatemala City
67%
ABA Islamabad
67%
AMA Islamabad
67%
ASA Kinshasa
67%
ASSA Nassau
67%
AWA Ottawa
67%
OVO Porto-Novo
67%
AIA Praia
67%
ABA Rabat
67%
AYA Sri Jayawardenepura Kotte
67%
AWA SriJayawardenepura Kotte
67%
ENE SriJayawardenepura Kotte
67%
ILI Tbilisi
67%
ISI Tbilisi
67%
ANA Tirana
67%
ATA Ulaanbaatar
67%
AVA Bratislava
58%
DOD Dodoma
58%
ODO Dodoma
58%
ARA Harare
58%
RAR Harare
58%
ALA Kampala
58%
ALA Kuala Lumpur
58%
ANA Ljubljana
58%
ANA Managua
58%
UKU Nukuʻalofa
58%
AMA Paramaribo
58%
ARA Paramaribo
58%
RAMAR Paramaribo
58%
ARA South Tarawa
58%
AWA South Tarawa
58%
ERE Yerevan
58%
ARA Asmara
50%
AMA Bamako
50%
AWA Bandar Seri Begawan
50%
IȘI Chișinău
50%
DAD Ciudad de la Paz
50%
AMA Damascus
50%
ARA Honiara
50%
AKA Jakarta
50%
LIL Lilongwe
50%
AKA Lusaka
50%
ORO Moroni
50%
YPY Naypyidaw
50%
AGA Ouagadougou
50%
IKI Palikir
50%
AKA Dhaka
42%
ORO Gaborone
42%
ABA Mbabane
42%
BAB Mbabane
42%
ARA Sarajevo
33%
ONO Cotonou
8%
OTO Cotonou
8%
No matching quizzes found
Score Distribution
Percent of People with Each Score
Percentile by Number Answered
Your Score History
You have not taken this quiz since the last reset